Statistics for TOP 20 Best Cities to Live in the USA

Click here to take the quiz!

General Stats

  • This quiz has been taken 222 times
  • The average score is 6 of 25

Answer Stats

City in...RankAnswer% Correct
...Texas18.Austin
75%
...Washington21.Seattle
66%
...California14.San Francisco
64%
...Minnesota25.Minneapolis
59%
... Virginia1.Arlington
41%
...Colorado7.Boulder
37%
... Michigan4.Ann Arbor
34%
... Virginia13.Alexandria
27%
...Massachusetts2.Cambridge
27%
...Utah19.Provo
27%
...Minnesota9.Rochester
21%
...Kansas6.Overland Park
18%
...Texas5.Plano
18%
...Washington10.Bellevue
17%
...Maryland3.Columbia
14%
...Missouri24.Columbia
14%
...Arizona22.Tempe
14%
...Colorado23.Fort Collins
12%
...California11.Irvine
12%
...California8.Berkeley
10%
...Illinois17.Naperville
9%
...Texas20.The Woodlands
6%
...Texas15.Round Rock
5%
...Texas16.Richardson
3%
...California12.Sunnyvale
1%

Score Distribution

Percentile by Number Answered

Percent of People with Each Score

Your Score History

You have not taken this quiz